| 000 -LEADER |
| fixed length control field |
00859cam a2200253 a 4500 |
| 001 - CONTROL NUMBER |
| control field |
13057265 |
| 005 - DATE AND TIME OF LATEST TRANSACTION |
| control field |
20180130043147.0 |
| 008 - FIXED-LENGTH DATA ELEMENTS--GENERAL INFORMATION |
| fixed length control field |
030114s2004 caua b 001 0 eng |
| 010 ## - LIBRARY OF CONGRESS CONTROL NUMBER |
| LC control number |
2003100505 |
| 020 ## - INTERNATIONAL STANDARD BOOK NUMBER |
| International Standard Book Number |
0534566391 (student ed. with InfoTrac college ed.) |
| 020 ## - INTERNATIONAL STANDARD BOOK NUMBER |
| International Standard Book Number |
0534566405 (student ed. without InfoTrac college ed.) |
| 035 ## - SYSTEM CONTROL NUMBER |
| System control number |
(DLC) 2003100505 |
| 040 ## - CATALOGING SOURCE |
| Original cataloging agency |
DLC |
| Transcribing agency |
DLC |
| Modifying agency |
DLC |
| 041 ## - LANGUAGE CODE |
| Language code of text/sound track or separate title |
eng |
| 080 ## - UNIVERSAL DECIMAL CLASSIFICATION NUMBER |
| Universal Decimal Classification number |
302.201 jul |
| 082 00 - DEWEY DECIMAL CLASSIFICATION NUMBER |
| Classification number |
302.201 jul |
| Edition number |
22 |
| 100 1# - Rafti |
| Rafti |
47 |
| 101 ## - Shkurtesa |
| Shkurtesa |
edu |
| 245 10 - TITLE STATEMENT |
| Title |
Communication theories in action : |
| Statement of responsibility, etc |
Julia T. Wood. |
| 504 ## - BIBLIOGRAPHY, ETC. NOTE |
| Bibliography, etc |
Includes bibliographical references (p. 337-363) and indexes. |
| 906 ## - LOCAL DATA ELEMENT F, LDF (RLIN) |
| a |
7 |
| b |
cbc |
| c |
orignew |
| d |
2 |
| e |
epcn |
| f |
20 |
| g |
y-gencatlg |
| 942 ## - ADDED ENTRY ELEMENTS (KOHA) |
| Source of classification or shelving scheme |
|
| Item type |
Books |